| 000 | 00892nas a2200265 4500 | ||
|---|---|---|---|
| 001 | BR8300911 | ||
| 003 | BR-BrBNA | ||
| 005 | 20231205085438.0 | ||
| 007 | ta | ||
| 008 | 230509b bl.|||p| |||| 00| 00por d | ||
| 040 |
_aBR-BrBNA _bpor _cBiblioteca Nacional de Agricultura |
||
| 041 | _a(Pt) | ||
| 072 | _aM40 | ||
| 100 | 1 | _aSouza, J.R. de | |
| 100 | 1 | _aAndrade, D.R. | |
| 245 | 1 | _aDados preliminares sobre nutricao de Astyanax bimaculatus (Linnaeus, 1978)Pisces, Characidae [lambari, racao, Brasil] | |
| 246 | 1 | _a[Preliminary data an nutrition of Astyanax bimaculatus (Linnaeus, 1978)Pisces, Characidae [feed, Brazil]] | |
| 650 | _aLAMBARI | ||
| 650 | _aNUTRICAO ANIMAL | ||
| 650 | _aRACAO | ||
| 650 | _aGANHO DE PESO | ||
| 773 | 0 |
_tSeiva (Brazil) _xISSN 0037-1122 _g(Apr 1982), v. 42(90) p. 81-83 _wBR8300911 |
|
| 909 |
_a202311 _bLúcia _c55 _dLúcia Elande |
||
| 942 |
_2AGRIS _n0 _cANA |
||
| 999 |
_c111491 _d111491 |
||